000 00635nam a22001937a 4500
999 _c166328
_d166328
005 20190719164904.0
010 _aENG-126016
020 _a9788173056192
_c995.00
035 _aEN-109548
037 _bDBAD/PUB
082 _a954
100 _aJain, Meenakshi
245 _aFlights of deities and rebirth of temples :
_cby Meenakshi Jain
_bepisodes from Indian history /
260 _aNew Delhi
_bAryan Books International
_c2019
270 _aPooja Apartments, 4B
_bAnsari Road, New Delhi
_e110002
_maryanbooks@gmail.com
300 _ax,405p.
_c22cm(Hb)
500 _aIncludes index
942 _2ddc
_cEN
_h954
_mJAI